000 00802nam a2200229 i 4500
001 bg
245 0 _aSytuacja demograficzna Polski :
_braport 2000- 2001 /
_c[aut. Bogdan Chazan et al.] ; Rządowa Rada Ludnościowa, Rządowe Centrum Studiów Strategicznych.
260 _aWarszawa :
_bRRL,
_c2001.
300 _a259 s., [16]k. tabl. :
_brys. kolor., tabl., wykr. ;
_c30 cm.
650 9 _aLudność
_xdemografia
_zPolska
_yod 1989 r.
650 9 _aMigracje
_xsocjologia
_zPolska
_yod 1989 r.
700 1 _aChazan, Bogdan.
_eaut.
710 _aRządowa Rada Ludnościowa
710 _aRządowe Centrum Studiów Strategicznych
020 _a8387427578
040 _cBPK
041 _apl
080 _a314(438)
920 _a83-87427-57-8
942 _cKS
008 s pl f |000 0 pol
999 _c50199
_d50199
856 _uhttp://koha.tu.koszalin.pl/cgi-bin/koha/opac-detail.pl?biblionumber=50199
_yKatalog online BPK